|
|
|
|
| LEADER |
00777naa a2200193 i 4500 |
| 001 |
acta74644 |
| 005 |
20240430085325.0 |
| 008 |
220316s2015 hu o 100 hun d |
| 020 |
|
|
|a 978-963-306-364-4
|
| 040 |
|
|
|a SZTE Egyetemi Kiadványok Repozitórium
|b hun
|
| 041 |
|
|
|a hun
|
| 100 |
1 |
|
|a Varga György
|
| 245 |
1 |
0 |
|a Szokatlan szaharai porviharos események Európában
|h [elektronikus dokumentum] /
|c Varga György
|
| 260 |
|
|
|c 2015
|
| 300 |
|
|
|a 59-60
|
| 490 |
0 |
|
|a Magyar Aeroszol Konferencia
|
| 695 |
|
|
|a Aeroszol - előadáskivonat, Légkör - előadáskivonat, Levegőszennyeződés - előadáskivonat
|
| 710 |
|
|
|a Magyar Aeroszol Konferencia (12.) (2015) (Szeged)
|
| 856 |
4 |
0 |
|u http://acta.bibl.u-szeged.hu/74644/1/2015_magyar_aeroszol_konferencia_059-060.pdf
|z Dokumentum-elérés
|